| 000 | 00551nam a2200217Ia 4500 | ||
|---|---|---|---|
| 003 | OSt | ||
| 005 | 20260106100625.0 | ||
| 008 | 210210b2006 xxu||||| |||| 00| 0 eng d | ||
| 020 | _a81 8356 101 2 | ||
| 040 | _cAL | ||
| 041 | _aEnglish | ||
| 082 | _a591.0724 YADB | ||
| 100 |
_aYadav P R _9250239 |
||
| 245 | _aBiotechnology of animal culture. | ||
| 260 |
_aNew Delhi _bDiscovery Publishing House _c2006 |
||
| 300 | _a257 | ||
| 650 |
_aAnimal Biotechnology _9250240 |
||
| 700 |
_a Rajiv ,Tyagi _9250241 |
||
| 906 | _a061520 | ||
| 942 |
_2ddc _cBK |
||
| 999 |
_c108271 _d108271 |
||